000 01161nam a2200337Ia 4500
003 GCL
008 140319s9999 xx 000 0 ara d
020 _a3646649960
040 _aGCL /
_cGCL
082 0 4 _a150
_bف أ
100 1 _aفرج عبدالقادر طه
245 1 0 _aاصول علم النفس الحديث /
_cفرج عبدالقادر طه
250 _aالاولى
260 _aالرياض :
_bدار الزهراء للنشر والتوزيع ،
_c2005
300 _a526ص ؛
_c24سم
650 0 4 _aعلم النفس
650 0 4 _aعلم النفس التربوى
650 0 4 _aعلم النفس المرضى
650 0 4 _aعلم النفس الفسيولوجى
650 0 4 _aعلم النفس الجنائى
650 0 4 _aعلم النفس الاجتماعى
650 0 4 _aالذكاء
650 0 4 _aالادراك
650 0 4 _aعلم النفس الصناعى
650 0 4 _aعلم النفس العسكرى
650 0 4 _aعلم نفس الفروق
650 0 4 _aعلم النفس الارتقائى
650 0 4 _aعلم النفس الادارى
650 0 4 _aعلم النفس الصيدلى
942 _2ddc
_cBK
999 _c9550
_d9550